Представление документа в формате RUSMARC

ПолеНазваниеЗначение
  Тип записи a
  Библиографический уровень c
001 Контрольный номер RU/IS/BASE/340384559
005 Дата корректировки 20201206204742.2
010 Индекс ISBN __
d Цена 700-00
101 Язык документа __
a Язык текста rus
200 Заглавие и сведения об ответственности 1_
a Заглавие Ленин разговаривает с Америкой
e Сведения, относящиеся к заглавию рассказы
f Первые сведения об ответственности Савва Дангулов
b Общее обозначение материала Текст
210 Выходные данные __
a Место издания М.
c Издательство Молодая гвардия
d Дата издания 1961
215 Физическое описание __
a Объем 156, [3] с.
300 Общие примечания __
a Общие примечания Дар С. А. Лагерева (1 экз.)
a Общие примечания Кн. с экслибрисом С. А. Лагерева из лич. б-ки (1 экз.)
a Общие примечания Ред. кн.
a Общие примечания Кн. с автогр. и дарств. надписью авт.
327 Примечание о содержании __
a Примечание о содержании Мнадат
327 Примечание о содержании __
a Примечание о содержании День
327 Примечание о содержании __
a Примечание о содержании Малыш
327 Примечание о содержании __
a Примечание о содержании Глаза
327 Примечание о содержании __
a Примечание о содержании Сердце
327 Примечание о содержании __
a Примечание о содержании Выбор
327 Примечание о содержании __
a Примечание о содержании Ночь
327 Примечание о содержании __
a Примечание о содержании Двое
327 Примечание о содержании __
a Примечание о содержании Вера
327 Примечание о содержании __
a Примечание о содержании Друг
330 Аннотация __
a Аннотация Автор увлекательно воссоздает примечательные эпизоды из жизни и деятельности В. И. Ленина.
600 Персоналии __
a Персоналии (Фамилия) Ленин, В. И.
g Полное имя Владимир Ильич
606 Тематические рубрики __
a Основная рубрика Художественная литература
606 Тематические рубрики __
a Основная рубрика Русская литература XX в. (произведения)
y Географическая подрубрика СССР
610 Ключевые слова __
a Ключевые слова советская литература; рассказы; лениниана; персоналии; исторические рассказы; исторические факты; тема патриотизма; тема родины; тема политики; тема жизни; тема человека
686 Индексы других классификаций __
a Классификационный индекс 84(2Рос=Рус)6-4
700 Автор _1
a Фамилия Дангулов
b Имя С. А.
g Полное личное имя Савва Артемович
4 Код отношения 070
701 Альтернативная интеллектуальная ответственность _1
a Фамилия Малков
b Имя В. М.
702 Вторичная интеллектуальная ответственность _1
a Фамилия Дангулов
b Имя С. А.
4 Код отношения Автор дарственной надписи
702 Вторичная интеллектуальная ответственность _1
a Фамилия Лагерев
b Имя С. А.
4 Код отношения Даритель
801 Источник записи _0
a Страна RU
b Организация Муниципальное бюджетное учреждение культуры "Централизованная библиотечная система" г. Сургут (Центральная городская библиотека им. А. С. Пушкина)
g Правила каталогизации КиК/Поспелова
801 Источник записи _1
a Страна RU
b Организация Муниципальное бюджетное учреждение культуры "Централизованная библиотечная система" г. Сургут (Центральная городская библиотека им. А. С. Пушкина)
g Правила каталогизации КиК/Поспелова
852 Данные о местонахождении __
j Шифр хранения 84(2Рос=Рус)6-4
c Каталожный индекс 84(2Рос=Рус)6-4
i Авторский знак Д 17
901 Тип документа __
t Тип документа x
903 Характеристики (МАРС) __
a Дата передачи 20101014
969 Тип издания __
a Тип издания сборник
990 Данные о заказе (DOS) __
j Количество экземпляров (DOS) 1
t N записи в КСУ для И/У (DOS) 201010